Философия и история науки: учебник

গ্রন্থ-পঞ্জীর বিবরন
প্রধান লেখক: Ильин В. В. Виктор Васильевич
সংক্ষিপ্ত:Учебник, соответствующий новой программе курса "История и философия науки" для аспирантов и соискателей, содержит положительную трактовку основных моделей, принципов, идей современной методологии познавательной деятельности. Рассчитан на лиц, проходящих специальную преддиссертационную подготовку для сдачи экзамена кандидатского минимума, и на всех интересующихся методологической проблематикой.
ভাষা:রুশ
প্রকাশিত: Москва, Изд-во Московского ун-та, 2005
সংস্করন:2-е изд., доп.
বিষয়গুলি:
বিন্যাস: গ্রন্থ
KOHA link:https://koha.lib.tpu.ru/cgi-bin/koha/opac-detail.pl?biblionumber=110826

MARC

LEADER 00000nam0a2200000 4500
001 110826
005 20231101214945.0
010 |a 5211051033 
035 |a (RuTPU)RU\TPU\book\119686 
090 |a 110826 
100 |a 20070301d2005 m y0rusy50 ca 
101 0 |a rus 
102 |a RU 
105 |a y j 000zy 
200 1 |a Философия и история науки  |e учебник  |f В. В. Ильин 
205 |a 2-е изд., доп. 
210 |a Москва  |c Изд-во Московского ун-та  |d 2005 
215 |a 432 с. 
330 |a Учебник, соответствующий новой программе курса "История и философия науки" для аспирантов и соискателей, содержит положительную трактовку основных моделей, принципов, идей современной методологии познавательной деятельности. Рассчитан на лиц, проходящих специальную преддиссертационную подготовку для сдачи экзамена кандидатского минимума, и на всех интересующихся методологической проблематикой. 
606 1 |a Философия науки  |2 stltpush  |3 (RuTPU)RU\TPU\subj\63888  |9 80820 
610 1 |a философия 
610 1 |a история 
610 1 |a наука 
610 1 |a генезис 
610 1 |a статус 
610 1 |a научность 
610 1 |a научное знание 
610 1 |a архаика 
610 1 |a классика 
610 1 |a неоклассические теории 
610 1 |a научный процесс 
610 1 |a теория 
610 1 |a ценности 
610 1 |a учебники 
686 |a Ю25я73  |v LBC/SL-A  |2 rubbk 
700 1 |a Ильин  |b В. В.  |g Виктор Васильевич 
801 1 |a RU  |b 63413507  |c 20070301  |g PSBO 
801 2 |a RU  |b 63413507  |c 20140407  |g PSBO 
942 |c BK 
959 |a 25/20070301  |d 1  |e 197,12  |f ЧЗГЛ:1